Concept of beauty : in the light of cosmetics and perfumes (Record no. 143009)

MARC details
000 -LEADER
fixed length control field 00632nam a2200205Ia 4500
003 - CONTROL NUMBER IDENTIFIER
control field OSt
005 - DATE AND TIME OF LATEST TRANSACTION
control field 20251003115146.0
008 - FIXED-LENGTH DATA ELEMENTS--GENERAL INFORMATION
fixed length control field 210210b2006 xxu||||| |||| 00| 0 eng d
040 ## - CATALOGING SOURCE
Transcribing agency AL
041 ## - LANGUAGE CODE
Language code of text/sound track or separate title eng
082 ## - DEWEY DECIMAL CLASSIFICATION NUMBER
Classification number S891.8E BHAC
100 ## - MAIN ENTRY--PERSONAL NAME
Personal name Bhat G N
9 (RLIN) 241292
245 ## - TITLE STATEMENT
Title Concept of beauty : in the light of cosmetics and perfumes
Remainder of title : Sanskrit sources : modern relevance
260 ## - PUBLICATION, DISTRIBUTION, ETC.
Place of publication, distribution, etc. Mangalore
Name of publisher, distributor, etc. Center for Inter-disciplinary Studies and Research in Sanskrit
Date of publication, distribution, etc. 2006
300 ## - PHYSICAL DESCRIPTION
Extent viii,66p
690 ## - LOCAL SUBJECT ADDED ENTRY--TOPICAL TERM (OCLC, RLIN)
Topical term or geographic name as entry element Sanskrit Miscellaneous
9 (RLIN) 241306
700 ## - ADDED ENTRY--PERSONAL NAME
Personal name M Padmanabha Marathe Ed
9 (RLIN) 241307
906 ## - LOCAL DATA ELEMENT F, LDF (RLIN)
a 065500
942 ## - ADDED ENTRY ELEMENTS (KOHA)
Source of classification or shelving scheme Dewey Decimal Classification
Koha item type Book
Holdings
Withdrawn status Lost status Damaged status Not for loan Collection code Home library Current library Shelving location Date acquired Source of acquisition Cost, normal purchase price Total Checkouts Full call number Barcode Date last seen Price effective from Koha item type
        Sanskrit St Aloysius Library St Aloysius Library   02/17/2021 Akhila Karnataka Samskrita Parishad, Karangalpady, Mangalore-3 50.00   S891.8E BHAC 065500 02/17/2021 02/17/2021 Book